000 00662cab a2200217 4500
001 WB3204-42
008 090401t1996 xxu||||| |||| 00| 0 eng d
035 _a(Sirsi) u8609
041 _aeng
245 _aHothouse plan
260 _c1996
350 _a0
490 _aTimes
_v26 January 1996, 5(1)
520 _aThe Eden Project plans to turn worked-out clay pits near St Austell in Cornwall into four giant hothouses. The promoters will be bidding for money from the Millennium Fund.
650 _aEDEN PROJECT
650 _aLEISURE DEVELOPMENT
650 _aMILLENNIUM FUND
690 _aLEISURE AND RECREATION
942 _n0
948 _c04/03/1997
999 _c5331
_d5331